000
00321nam a22001337a 4500
008
180927b xxu||||| |||| 00| 0 eng d
020
_a
9781557981943
041
_a
eng
080
_a
159.0
100
_a
48
101
_a
PSI
245
_a
Dissertation And Theses From Start To Finish
_c
John.D.C
942
_2
udc
_c
BK
999
_c
48556
_d
48556